000 01020cam a2200289 a 4500
001 3526257
003 GBCCL
005 20241126110355.0
008 960904s1996 nyu b 001 0 eng
010 _a 96038716
020 _a1570750858 (alk. paper)
040 _aDLC
_cDLC
_dDLC
050 0 0 _aBV2063
_b.K756 1996
082 0 0 _a266.001
_220
_bKRA
100 1 _aKraft, Charles H.
_92223
245 1 0 _aAnthropology for Christian witness /
_cCharles H. Kraft.
260 _aMaryknoll, N.Y. :
_bOrbis Books,
_cc1996.
300 _axvi, 493 p. ;
_c26 cm.
504 _aIncludes bibliographical references (p. 475-483) and indexes.
650 0 _aMissions
_xTheory.
_948
650 0 _aEthnology
_xReligious aspects
_xChristianity.
_92224
650 0 _aChristianity and culture.
_9886
650 0 _aEvangelistic work
_xPhilosophy.
_92225
906 _a7
_bcbc
_corignew
_d1
_eocip
_f19
_gy-gencatlg
942 _2ddc
_cBK
_011
999 _c1201
_d1201